000
00269nam a22001217a 4500
008
181031b xxu||||| |||| 00| 0 eng d
041
_a
eng
080
_a
101
100
_a
24
101
_a
FIL
245
_a
Being And Some Philosophers
_c
Gilson.E
942
_2
udc
_c
BK
999
_c
51254
_d
51254